000 00498nam a2200193Ia 4500
005 20250603150010.0
008 250603s9999 xx 000 0 und d
020 _a9781118738566
050 _aHD 30.2 .R63/
100 _aRoberts, Dan
245 0 _aUnleashing the power of IT : bringing people, business, and technology together
250 _a2nd ed.
260 _aNew Jersey
260 _bJohn Wiley & Sons
260 _c2014
300 _a211 p
650 _aNew Jersey
942 _cBK
999 _c43464
_d43464